=LDR 00000nam 2200000 4500 =001 NUTBA000000000004593 =005 20170408141600.0 =006 =007 =008 =020 ##$$a 979-610-538-1 =035 ##$$0010-091400000000626 =082 ##$$a 425.076-EHR-E =100 ##$$a EUGENE EHRLICH =245 ##$$aTEORI DAN SOAL LATIHAN english grammar EDISI KETIGA =250 ##$$a Cet.1 =260 ##$$a Yogyakarta $b Pustaka Widyatama $c 2011 =300 ##$$a iv,104 Hlm $c 21 Cm =850 ##$$a NBPNMAT =990 ##$$a 0001/BPAP-NTB/20142014 =990 ##$$a 14111411 =990 ##$$a 01201901411 =990 ##$$a 0001/BPAP-NTB/20142014